Catálogo

INTRODUCCION A LA DEMOGRAFIA (Registro nro. 17559)

Detalles MARC
000 -LEADER
fixed length control field 00502nam a2200181 a 4500
001 - CONTROL NUMBER
control field 17559
005 - DATE AND TIME OF LATEST TRANSACTION
control field 20180713210719.0
008 - FIXED-LENGTH DATA ELEMENTS--GENERAL INFORMATION
fixed length control field 140415s1972 000 0 spa d
041 ## - LANGUAGE CODE
Language code of text/sound track or separate title spa
082 ## - DEWEY DECIMAL CLASSIFICATION NUMBER
Classification number 304.6
Item number SPI
100 1# - MAIN ENTRY--PERSONAL NAME
Personal name SPIEGELMAN, MORTIMER
245 10 - TITLE STATEMENT
Title INTRODUCCION A LA DEMOGRAFIA
260 ## - PUBLICATION, DISTRIBUTION, ETC.
Place of publication, distribution, etc. [s.l.] :
Name of publisher, distributor, etc. FONDO DE CULTURA ECONOMICA,
Date of publication, distribution, etc. 1972
300 ## - PHYSICAL DESCRIPTION
Extent 492
490 ## - SERIES STATEMENT
Series statement SECCION DE OBRAS DE ECONOMIA
650 14 - SUBJECT ADDED ENTRY--TOPICAL TERM
Topical term or geographic name entry element DEMOGRAFIA
700 1# - ADDED ENTRY--PERSONAL NAME
Personal name GARCIA ROCHA, ADALBERTO
Relator term tr.
Existencias
Withdrawn status Lost status Source of classification or shelving scheme Damaged status Not for loan Collection code Home library Current library Shelving location Date acquired Source of acquisition Inventory number Total Checkouts Full call number Barcode Date last seen Date last checked out Price effective from Koha item type
    Dewey Decimal Classification     General Biblioteca Karol Wojtyla Biblioteca Karol Wojtyla Sala general 03/12/2013 Compra 151000000000000000054242 1 304.6 SPI 3577 05/01/2026 27/09/2018 03/12/2013 Libro